Foundations in Accountancy/ACCA: Financial Accounting (FFA/FA) practice and revision kit (Record no. 130623)
[ view plain ]
| 000 -LEADER | |
|---|---|
| fixed length control field | 01734cas a2200397 i 4500 |
| 001 - CONTROL NUMBER | |
| control field | 19018704 |
| 003 - CONTROL NUMBER IDENTIFIER | |
| control field | ARRUPE |
| 005 - DATE AND TIME OF LATEST TRANSACTION | |
| control field | 20210702100252.0 |
| 008 - FIXED-LENGTH DATA ELEMENTS--GENERAL INFORMATION | |
| fixed length control field | 160317c200u9999enkuu 0 0eng |
| 010 ## - LIBRARY OF CONGRESS CONTROL NUMBER | |
| LC control number | 2016207161 |
| 020 ## - INTERNATIONAL STANDARD BOOK NUMBER | |
| International Standard Book Number | 9781509737147 |
| 035 ## - SYSTEM CONTROL NUMBER | |
| System control number | (OCoLC)ocn947911230 |
| 040 ## - CATALOGING SOURCE | |
| Original cataloging agency | DLC |
| Language of cataloging | eng |
| Description conventions | rda |
| Transcribing agency | DLC |
| Modifying agency | DLC |
| -- | OCLCF |
| -- | DLC |
| -- | OCL |
| 042 ## - AUTHENTICATION CODE | |
| Authentication code | pcc |
| 050 00 - LIBRARY OF CONGRESS CALL NUMBER | |
| Classification number | HF5661 |
| Item number | .F762 2021 F3 |
| 300 ## - PHYSICAL DESCRIPTION | |
| Dimensions | 30cm |
| 245 00 - TITLE STATEMENT | |
| Title | Foundations in Accountancy/ACCA: Financial Accounting (FFA/FA) practice and revision kit |
| Remainder of title | For exams from 1st September 2021 to 31st August 2022 |
| 246 1# - VARYING FORM OF TITLE | |
| Title proper/short title | ACCA paper F3, FFA paper FA |
| 246 1# - VARYING FORM OF TITLE | |
| Title proper/short title | ACCA paper F3, financial accounting |
| 246 1# - VARYING FORM OF TITLE | |
| Title proper/short title | Foundations in Accountancy paper FFA, financial accounting |
| 300 ## - PHYSICAL DESCRIPTION | |
| Extent | xvii, 386p. |
| 500 ## - GENERAL NOTE | |
| General note | Includes Ebook |
| 610 20 - SUBJECT ADDED ENTRY--CORPORATE NAME | |
| Corporate name or jurisdiction name as entry element | Association of Chartered Certified Accountants (Great Britain) |
| General subdivision | Examinations |
| Form subdivision | Study guides. |
| 9 (RLIN) | 50159 |
| 610 27 - SUBJECT ADDED ENTRY--CORPORATE NAME | |
| Corporate name or jurisdiction name as entry element | Association of Chartered Certified Accountants (Great Britain) |
| Source of heading or term | fast |
| 9 (RLIN) | 50160 |
| 650 #0 - SUBJECT ADDED ENTRY--TOPICAL TERM | |
| Topical term or geographic name as entry element | Accounting |
| General subdivision | Examinations |
| Form subdivision | Study guides. |
| 9 (RLIN) | 50161 |
| 650 #0 - SUBJECT ADDED ENTRY--TOPICAL TERM | |
| Topical term or geographic name as entry element | Accounting |
| Form subdivision | Examinations, questions, etc. |
| 9 (RLIN) | 50166 |
| 650 #7 - SUBJECT ADDED ENTRY--TOPICAL TERM | |
| Topical term or geographic name as entry element | Accounting. |
| Source of heading or term | fast |
| 9 (RLIN) | 50167 |
| 650 #7 - SUBJECT ADDED ENTRY--TOPICAL TERM | |
| Topical term or geographic name as entry element | Accounting |
| General subdivision | Examinations. |
| Source of heading or term | fast |
| 9 (RLIN) | 50163 |
| 650 #7 - SUBJECT ADDED ENTRY--TOPICAL TERM | |
| Topical term or geographic name as entry element | Examinations. |
| Source of heading or term | fast |
| 9 (RLIN) | 50164 |
| 655 #7 - INDEX TERM--GENRE/FORM | |
| Genre/form data or focus term | Examinations. |
| Source of term | fast |
| 9 (RLIN) | 50168 |
| 655 #7 - INDEX TERM--GENRE/FORM | |
| Genre/form data or focus term | Study guides. |
| Source of term | fast |
| 9 (RLIN) | 50165 |
| 710 2# - ADDED ENTRY--CORPORATE NAME | |
| Corporate name or jurisdiction name as entry element | Association of Chartered Certified Accountants (Great Britain) |
| 9 (RLIN) | 50160 |
| 906 ## - LOCAL DATA ELEMENT F, LDF (RLIN) | |
| a | 7 |
| b | cbc |
| c | serorig |
| d | 2 |
| e | ncip |
| f | 20 |
| g | n-oclcserc |
| 942 ## - ADDED ENTRY ELEMENTS (KOHA) | |
| Source of classification or shelving scheme | Library of Congress Classification |
| Koha item type | Monograph ( Printed materials) |
| Withdrawn status | Lost status | Source of classification or shelving scheme | Damaged status | Not for loan | Home library | Current library | Date acquired | Total Checkouts | Full call number | Barcode | Date last seen | Date checked out | Price effective from | Koha item type |
|---|---|---|---|---|---|---|---|---|---|---|---|---|---|---|
| Library of Congress Classification | ARRUPE LIBRARY | ARRUPE LIBRARY | 02/07/2021 | 2 | HF5661 .F762 2021 F3 | 46600008277 | 22/04/2024 | 08/04/2024 | 02/07/2021 | Monograph ( Printed materials) |